| 000 | 00725nam a22002057a 4500 | ||
|---|---|---|---|
| 003 | 0 | ||
| 005 | 20230907131247.0 | ||
| 008 | 230907b xxu||||| |||| 00| 0 eng d | ||
| 020 | _a978-1-265-23942-8 | ||
| 050 |
_aRC 454 _b.W55 2023 |
||
| 100 | _aWhitbourne, Susan Krauss | ||
| 245 |
_aAbnormal psychology : clinical perspectives on psychological disorders _cSusan Krauss Whitbourne |
||
| 250 | _aTenth edition | ||
| 260 |
_aNew York _bMcGraw Hill, LLC _cC2023. |
||
| 300 |
_axxx, 370 pages : _bcol. ill. ; _c28 cm. |
||
| 500 | _aPsychology, pathological. | ||
| 504 | _aIncludes bibliographical references, index, and glossary. | ||
| 650 | _aIncludes bibliographical references, index, and glossary. | ||
| 942 |
_2lcc _cBK |
||
| 999 |
_c365262 _d365262 |
||